[Event "20. Obert Int. Sant Marti 2018 - B"]
[Site "Barcelona ESP"]
[Date "2018.07.20"]
[Round "8.32"]
[White "Aagam, Aditya E"]
[Black "Povill Claros, Laura"]
[Result "1/2-1/2"]
[WhiteElo "1579"]
[BlackElo "1802"]
[PlyCount "43"]
[EventDate "2018.07.13"]
[EventType "swiss"]
[EventRounds "9"]
[EventCountry "ESP"]
[SourceTitle "Ajedrez en Madrid"]
[Source "lmi"]
[SourceDate "2018.07.13"]
[SourceVersion "1"]
[SourceVersionDate "2019.06.21"]
[SourceQuality "1"]

1. e4 c5 2. Nf3 Nc6 3. d4 cxd4 4. Nxd4 g6 5. Nc3 Bg7 6. Be3 Nf6 7. Be2 O-O 8.
O-O d5 9. exd5 Nxd5 10. Nxd5 Qxd5 11. Nxc6 Qxc6 12. c3 Bf5 13. Qb3 Be4 14. f3
Bd5 15. Qb5 b6 16. Qxc6 Bxc6 17. Rad1 Rfd8 18. Kf2 Kf8 19. Rxd8+ Rxd8 20. Rd1
Rxd1 21. Bxd1 e5 22. Ke2 1/2-1/2

[Event "20. Obert Int. Sant Marti 2018 - B"]
[Site "Barcelona ESP"]
[Date "2018.07.20"]
[Round "8.33"]
[White "Arias Aranda, Guillem"]
[Black "Grao Amaya, Rafael"]
[Result "0-1"]
[WhiteElo "1576"]
[BlackElo "1767"]
[PlyCount "89"]
[EventDate "2018.07.13"]
[EventType "swiss"]
[EventRounds "9"]
[EventCountry "ESP"]
[SourceTitle "Ajedrez en Madrid"]
[Source "lmi"]
[SourceDate "2018.07.13"]
[SourceVersion "1"]
[SourceVersionDate "2019.06.21"]
[SourceQuality "1"]

1. e4 g6 2. d4 Bg7 3. Nf3 d6 4. Bc4 h6 5. O-O c6 6. h3 Nd7 7. Re1 Nb6 8. Bb3
Nf6 9. e5 Nfd5 10. c4 Nb4 11. a3 Na6 12. exd6 e6 13. c5 Nd5 14. Bxd5 cxd5 15.
b4 Nb8 16. Ne5 O-O 17. Nc3 a6 18. Na4 Nd7 19. Nxd7 Bxd7 20. Nb6 Rb8 21. Bf4 g5
22. Be5 f6 23. Bg3 Qe8 24. f4 Qf7 25. fxg5 hxg5 26. Ra2 Rbe8 27. Rf2 Bc6 28. d7
Bxd7 29. Bd6 Bc6 30. Bxf8 Rxf8 31. Qe2 Re8 32. Qg4 Bh6 33. h4 f5 34. Qg3 Qg6
35. hxg5 Bxg5 36. Rfe2 Kf7 37. Qd6 Bf6 38. Qf4 Bg5 39. Qf3 Bb5 40. Rc2 Bf6 41.
Qf2 Qg4 42. Rd2 Bh4 43. Qe3 Bg5 44. Qc3 Bxd2 45. Qxd2 0-1

[Event "20. Obert Int. Sant Marti 2018 - B"]
[Site "Barcelona ESP"]
[Date "2018.07.20"]
[Round "8.34"]
[White "Franzoni Ladron De Guevara, Enric"]
[Black "Caballero Ortin, Jorge"]
[Result "1-0"]
[WhiteElo "1760"]
[BlackElo "1628"]
[PlyCount "127"]
[EventDate "2018.07.13"]
[EventType "swiss"]
[EventRounds "9"]
[EventCountry "ESP"]
[SourceTitle "Ajedrez en Madrid"]
[Source "lmi"]
[SourceDate "2018.07.13"]
[SourceVersion "1"]
[SourceVersionDate "2019.06.21"]
[SourceQuality "1"]

1. e4 c5 2. Nf3 d6 3. d4 cxd4 4. Nxd4 Nf6 5. Nc3 a6 6. Bg5 e6 7. f4 Be7 8. Qf3
Nbd7 9. O-O-O h6 10. Bh4 Qc7 11. g4 g5 12. fxg5 Ne5 13. Qe2 Nfxg4 14. h3 Bxg5+
15. Bxg5 hxg5 16. Bg2 Nf6 17. Rhf1 Qe7 18. Qf2 Rh6 19. Nf3 Nfd7 20. Qg3 Nxf3
21. Rxf3 Ne5 22. Rf2 b5 23. Rfd2 Nc4 24. Rd3 b4 25. Na4 e5 26. b3 Na3 27. Nb2
Be6 28. Rxd6 Rc8 29. Nc4 Rh7 30. Nxa3 bxa3 31. Qd3 Qc7 32. Rxa6 g4 33. hxg4 Rh2
34. Rd2 Qc5 35. Qf1 Qc3 36. Rxe6+ fxe6 37. Kd1 Qa1+ 38. Ke2 Qxf1+ 39. Kxf1 Rc3
40. Kg1 Rh7 41. Bf1 Rh4 42. Rg2 Kf7 43. Bd3 Kg6 44. Kf2 Kg5 45. b4 Rh8 46. b5
Rb8 47. Ke2 Rb6 48. Kd2 Rc8 49. c4 Rb7 50. Ke3 Rd7 51. Rc2 Rc5 52. Rc3 Ra7 53.
Rb3 Kxg4 54. Kd2 Kf4 55. Kc3 Rd7 56. Kb4 Rxd3 57. Rxd3 Kxe4 58. Kxc5 Kxd3 59.
b6 e4 60. b7 e3 61. b8=Q e2 62. Qd6+ Ke3 63. Qxe6+ Kd2 64. Kb4 1-0

[Event "20. Obert Int. Sant Marti 2018 - B"]
[Site "Barcelona ESP"]
[Date "2018.07.20"]
[Round "8.35"]
[White "Lazaro Valls, Xavi"]
[Black "Caro Martinez, Ramon"]
[Result "0-1"]
[WhiteElo "1488"]
[BlackElo "1741"]
[PlyCount "82"]
[EventDate "2018.07.13"]
[EventType "swiss"]
[EventRounds "9"]
[EventCountry "ESP"]
[SourceTitle "Ajedrez en Madrid"]
[Source "lmi"]
[SourceDate "2018.07.13"]
[SourceVersion "1"]
[SourceVersionDate "2019.06.21"]
[SourceQuality "1"]

1. e4 c5 2. Bc4 Nc6 3. Nf3 e6 4. Nc3 a6 5. a4 Nf6 6. d3 d5 7. exd5 exd5 8. Ba2
Be7 9. O-O Bg4 10. Bg5 O-O 11. Bxf6 Bxf6 12. Nxd5 Nd4 13. Nxf6+ Qxf6 14. Bd5
Rad8 15. Be4 Rfe8 16. c3 Rxe4 17. cxd4 Rexd4 18. Re1 h6 19. Re3 c4 20. h3 Rxd3
21. Qe2 Rd2 22. Re8+ Kh7 23. Qe7 Rd1+ 24. Rxd1 Rxd1+ 25. Ne1 Qxe7 26. Rxe7 Be6
27. Kf1 b5 28. Ke2 Rb1 29. g4 Rxb2+ 30. Ke3 Rb3+ 31. Kd4 bxa4 32. Ra7 Rb6 33.
f4 a3 34. f5 a2 35. Nc2 Bc8 36. Rc7 Rb2 37. Kc3 Rxc2+ 38. Kxc2 a1=Q 39. Rxc8
Qa4+ 40. Kc3 Qb3+ 41. Kd4 Qd3+ 0-1

[Event "20. Obert Int. Sant Marti 2018 - B"]
[Site "Barcelona ESP"]
[Date "2018.07.20"]
[Round "8.36"]
[White "Han, Xuqian Ben"]
[Black "Grasa Solanas, Oscar"]
[Result "1/2-1/2"]
[WhiteElo "1486"]
[BlackElo "1732"]
[PlyCount "134"]
[EventDate "2018.07.13"]
[EventType "swiss"]
[EventRounds "9"]
[EventCountry "ESP"]
[SourceTitle "Ajedrez en Madrid"]
[Source "lmi"]
[SourceDate "2018.07.13"]
[SourceVersion "1"]
[SourceVersionDate "2019.06.21"]
[SourceQuality "1"]

1. e4 d5 2. exd5 Qxd5 3. Nc3 Qa5 4. d4 c6 5. Nf3 Bg4 6. h3 Bh5 7. Bc4 Nf6 8.
O-O e6 9. Bd2 Qd8 10. Be3 Be7 11. g4 Bg6 12. Ne5 Nbd7 13. Qe2 Nb6 14. Bb3 Qc7
15. Bf4 Bd6 16. Rad1 O-O-O 17. Qe3 Nbd5 18. Nxd5 Nxd5 19. Bxd5 exd5 20. c3 Rde8
21. Qg3 Bxe5 22. Bxe5 Qd7 23. Bxg7 Rhg8 24. Bh6 f5 25. f3 Bf7 26. Rde1 Re6 27.
Rxe6 Qxe6 28. Bf4 h5 29. g5 Re8 30. Be5 Bg6 31. f4 b6 32. Kh2 Qd7 33. Re1 Re6
34. Bf6 Qe8 35. Re5 Rxe5 36. Bxe5 Qe6 37. Qe3 Kd7 38. Kg3 Kc8 39. Kf2 a6 40. h4
b5 41. b4 Kb7 42. Bf6 Qe4 43. Qxe4 dxe4 44. d5 cxd5 45. Ke3 Kc6 46. Kd4 Kd6 47.
a3 Bf7 48. Be5+ Kc6 49. Bb8 Kd7 50. Ke5 Be6 51. Kf6 d4 52. Ba7 dxc3 53. Bd4 c2
54. Be3 Kd6 55. g6 Kd7 56. Ke5 Ke7 57. g7 Kd7 58. Kd4 Kd6 59. Bd2 Bg8 60. Bc1
Bf7 61. Bb2 Bg8 62. Kc3 Kd5 63. Bc1 Bf7 64. Be3 Bg8 65. Kxc2 Kc4 66. Bc5 Bf7
67. g8=Q Bxg8 1/2-1/2

[Event "20. Obert Int. Sant Marti 2018 - B"]
[Site "Barcelona ESP"]
[Date "2018.07.20"]
[Round "8.37"]
[White "Diaz Rendon, Nicoll"]
[Black "Cassi De La Viuda, Alex"]
[Result "1-0"]
[WhiteElo "1760"]
[BlackElo "1489"]
[PlyCount "91"]
[EventDate "2018.07.13"]
[EventType "swiss"]
[EventRounds "9"]
[EventCountry "ESP"]
[SourceTitle "Ajedrez en Madrid"]
[Source "lmi"]
[SourceDate "2018.07.13"]
[SourceVersion "1"]
[SourceVersionDate "2019.06.21"]
[SourceQuality "1"]

1. e4 c5 2. Nf3 a6 3. d4 cxd4 4. Nxd4 e5 5. Nb3 Nf6 6. Nc3 Bb4 7. Bc4 Bxc3+ 8.
bxc3 b5 9. Bd5 Nxd5 10. Qxd5 Nc6 11. O-O O-O 12. Rd1 Qc7 13. Ba3 Rd8 14. Bd6
Qb7 15. Bxe5 Nxe5 16. Qxe5 Qc6 17. Rd6 Qc7 18. Rad1 h6 19. R1d3 Bb7 20. Rh3 f6
21. Qd4 Bxe4 22. Nc5 Bc6 23. Rg3 Re8 24. h3 Kf7 25. Qd1 Re1+ 26. Qxe1 Qxd6 27.
Nd3 Re8 28. Rxg7+ Kxg7 29. Qxe8 Qd5 30. Nf4 Qg5 31. Nh5+ Kh7 32. Qf7+ Kh8 33.
Qf8+ Kh7 34. Qf7+ Kh8 35. Qxf6+ Qxf6 36. Nxf6 Kg7 37. Ng4 h5 38. Ne5 Kf6 39.
Nxc6 dxc6 40. Kf1 Ke5 41. Ke2 h4 42. Ke3 a5 43. g3 hxg3 44. fxg3 c5 45. h4 Kd5
46. h5 1-0

[Event "20. Obert Int. Sant Marti 2018 - B"]
[Site "Barcelona ESP"]
[Date "2018.07.20"]
[Round "8.38"]
[White "Lopez Manzano, Antonio"]
[Black "Folch Brach, Jordi"]
[Result "1-0"]
[WhiteElo "1900"]
[BlackElo "1644"]
[PlyCount "85"]
[EventDate "2018.07.13"]
[EventType "swiss"]
[EventRounds "9"]
[EventCountry "ESP"]
[SourceTitle "Ajedrez en Madrid"]
[Source "lmi"]
[SourceDate "2018.07.13"]
[SourceVersion "1"]
[SourceVersionDate "2019.06.21"]
[SourceQuality "1"]

1. d4 d5 2. c4 e6 3. Nc3 Nf6 4. cxd5 exd5 5. Bg5 Be7 6. e3 Bf5 7. Qb3 Bc8 8.
Bxf6 Bxf6 9. Nxd5 b6 10. Rc1 c6 11. Nxf6+ Qxf6 12. Nf3 O-O 13. Bd3 Bb7 14. Qc2
g6 15. O-O Rd8 16. Be4 Rc8 17. Ne5 a5 18. a4 Ra7 19. Qb3 Ba6 20. Bd3 Rb7 21. f4
Bxd3 22. Qxd3 Qd6 23. Rc3 Kg7 24. Rfc1 f6 25. Nc4 Qd7 26. Rb3 Qc7 27. Na3 Qd7
28. Rbc3 Rbc7 29. Qc2 Qe7 30. Qb3 Rb7 31. Qc4 Qb4 32. Rb3 Qxc4 33. Nxc4 Re7 34.
Rxb6 Rce8 35. Rc3 Kh6 36. Kf2 f5 37. Ne5 Re6 38. Rcb3 g5 39. Rxb8 gxf4 40. exf4
R8e7 41. R3b7 Rxb7 42. Rxb7 Rd6 43. Nf7+ 1-0

[Event "20. Obert Int. Sant Marti 2018 - B"]
[Site "Barcelona ESP"]
[Date "2018.07.20"]
[Round "8.39"]
[White "Siso Ribes, Genis Alfred"]
[Black "Santos Ramos, Carlos"]
[Result "0-1"]
[WhiteElo "1626"]
[BlackElo "1866"]
[PlyCount "102"]
[EventDate "2018.07.13"]
[EventType "swiss"]
[EventRounds "9"]
[EventCountry "ESP"]
[SourceTitle "Ajedrez en Madrid"]
[Source "lmi"]
[SourceDate "2018.07.13"]
[SourceVersion "1"]
[SourceVersionDate "2019.06.21"]
[SourceQuality "1"]

1. d4 d5 2. c4 c6 3. Nf3 Nf6 4. Nc3 e6 5. e3 Bd6 6. c5 Bc7 7. b4 O-O 8. a4 Nbd7
9. b5 e5 10. Be2 exd4 11. Nxd4 Ba5 12. Bd2 Qc7 13. O-O Nxc5 14. Rc1 Bxc3 15.
Bxc3 Nce4 16. Bb2 c5 17. Ba3 b6 18. Nb3 Qe5 19. Qc2 Bf5 20. Bb2 Qe6 21. Qd1
Rad8 22. Nd2 Nxd2 23. Qxd2 Ne4 24. Qd1 Qg6 25. Be5 f6 26. Bf4 Qe8 27. h4 g5 28.
hxg5 fxg5 29. Bh2 Bg6 30. Qb3 Nd2 31. Qa2 Nxf1 32. Kxf1 Qf7 33. Bf3 h5 34. Rd1
c4 35. Qd2 Bd3+ 36. Kg1 g4 37. Bxg4 hxg4 38. e4 dxe4 39. Qg5+ Qg7 40. Qh5 Rde8
41. Bf4 Re6 42. Qd5 Qf6 43. Be3 Rd8 44. Qh5 Qg6 45. Qh4 Rd5 46. Qg3 Rh5 47.
Qb8+ Re8 48. Qxa7 Qh7 49. Qxh7+ Rxh7 50. Bxb6 Re5 51. Be3 Reh5 0-1

[Event "20. Obert Int. Sant Marti 2018 - B"]
[Site "Barcelona ESP"]
[Date "2018.07.20"]
[Round "8.40"]
[White "Ankit, Dalal"]
[Black "Julia Yebra, David"]
[Result "1/2-1/2"]
[WhiteElo "1591"]
[BlackElo "1808"]
[PlyCount "39"]
[EventDate "2018.07.13"]
[EventType "swiss"]
[EventRounds "9"]
[EventCountry "ESP"]
[SourceTitle "Ajedrez en Madrid"]
[Source "lmi"]
[SourceDate "2018.07.13"]
[SourceVersion "1"]
[SourceVersionDate "2019.06.21"]
[SourceQuality "1"]

1. e4 d6 2. d4 Nf6 3. Nc3 c6 4. Bd3 e5 5. dxe5 dxe5 6. Nf3 Qc7 7. O-O Be7 8.
Bc4 h6 9. Be3 O-O 10. h3 Rd8 11. Qe2 b5 12. Bd3 Be6 13. a3 Nbd7 14. Rfd1 a6 15.
Na2 Nc5 16. Bxc5 Bxc5 17. c4 Bd6 18. cxb5 cxb5 19. Rac1 Qb6 20. Nc3 1/2-1/2

[Event "20. Obert Int. Sant Marti 2018 - B"]
[Site "Barcelona ESP"]
[Date "2018.07.20"]
[Round "8.41"]
[White "Martin Arranz, Lluis"]
[Black "Martinez Hernandez, Emili"]
[Result "0-1"]
[WhiteElo "1582"]
[BlackElo "1750"]
[PlyCount "40"]
[EventDate "2018.07.13"]
[EventType "swiss"]
[EventRounds "9"]
[EventCountry "ESP"]
[SourceTitle "Ajedrez en Madrid"]
[Source "lmi"]
[SourceDate "2018.07.13"]
[SourceVersion "1"]
[SourceVersionDate "2019.06.21"]
[SourceQuality "1"]

1. e4 e6 2. d4 d5 3. Nc3 Nf6 4. Bg5 dxe4 5. Nxe4 Nbd7 6. Nf3 Be7 7. Nxf6+ Nxf6
8. Bd3 Nd5 9. Qd2 h6 10. Bxe7 Qxe7 11. O-O O-O 12. Rfe1 Qf6 13. c4 Nf4 14. Bb1
g6 15. Re4 g5 16. Ne5 c5 17. Ng4 Qg7 18. Re5 cxd4 19. g3 Nh3+ 20. Kg2 h5 0-1

[Event "20. Obert Int. Sant Marti 2018 - B"]
[Site "Barcelona ESP"]
[Date "2018.07.20"]
[Round "8.42"]
[White "Serentill Tost, Eduard"]
[Black "Gonzalez Canovas, Sebastia"]
[Result "1-0"]
[WhiteElo "1745"]
[BlackElo "1639"]
[PlyCount "103"]
[EventDate "2018.07.13"]
[EventType "swiss"]
[EventRounds "9"]
[EventCountry "ESP"]
[SourceTitle "Ajedrez en Madrid"]
[Source "lmi"]
[SourceDate "2018.07.13"]
[SourceVersion "1"]
[SourceVersionDate "2019.06.21"]
[SourceQuality "1"]

1. e4 c6 2. Nc3 d5 3. Nf3 dxe4 4. Nxe4 h6 5. Bc4 e6 6. d3 Nd7 7. Bf4 Ngf6 8.
Qe2 Be7 9. O-O-O b5 10. Bb3 a5 11. c4 a4 12. Bc2 b4 13. Nd6+ Bxd6 14. Bxd6 Qb6
15. c5 Nxc5 16. Qe3 Ra5 17. Ne5 Ba6 18. Nc4 Bxc4 19. dxc4 b3 20. Bxc5 Rxc5 21.
axb3 axb3 22. Qxb3 Qxb3 23. Bxb3 O-O 24. Rd2 Ra5 25. Kc2 Ne4 26. Re2 Nc5 27.
Re3 Rd8 28. Kc3 Ra7 29. Rd1 Rad7 30. Rxd7 Rxd7 31. Bc2 Kf8 32. b4 Nb7 33. Be4
Nd8 34. Rd3 Ke7 35. Rxd7+ Kxd7 36. Kd4 Nb7 37. b5 c5+ 38. Kc3 Nd6 39. Bc6+ Kc7
40. g4 g5 41. Kd3 f5 42. h3 Nf7 43. gxf5 exf5 44. Ke3 Nd6 45. Bd5 Ne8 46. f4
Ng7 47. Bf7 Kd6 48. Kf3 Kc7 49. Kg3 Kd6 50. fxg5 hxg5 51. h4 g4 52. h5 1-0

[Event "20. Obert Int. Sant Marti 2018 - B"]
[Site "Barcelona ESP"]
[Date "2018.07.20"]
[Round "8.43"]
[White "Fungueirino Pique, Daniel"]
[Black "Palau Soriano, Ricard"]
[Result "0-1"]
[WhiteElo "1740"]
[BlackElo "1637"]
[PlyCount "80"]
[EventDate "2018.07.13"]
[EventType "swiss"]
[EventRounds "9"]
[EventCountry "ESP"]
[SourceTitle "Ajedrez en Madrid"]
[Source "lmi"]
[SourceDate "2018.07.13"]
[SourceVersion "1"]
[SourceVersionDate "2019.06.21"]
[SourceQuality "1"]

1. d4 Nf6 2. Nf3 e6 3. e3 c5 4. c3 b6 5. Nbd2 Bb7 6. Be2 Be7 7. O-O d6 8. Re1
Nbd7 9. h3 Qc7 10. b3 O-O 11. Bb2 Rfd8 12. Rc1 e5 13. Nf1 e4 14. N3d2 d5 15. c4
Qd6 16. cxd5 Bxd5 17. Ng3 Qe6 18. Bc4 Bxc4 19. bxc4 Bd6 20. Ndf1 Bc7 21. f4 g6
22. a4 cxd4 23. exd4 Bxf4 24. d5 Qd6 25. Rc3 Nc5 26. Qc2 Nd3 27. Nxe4 Nxe1 28.
Nxd6 Nxc2 29. Rxc2 Rxd6 30. g3 Bh6 31. Re2 Re8 32. Kf2 Rxe2+ 33. Kxe2 Bg7 34.
Ba3 Rd8 35. Ke3 Bf8 36. Bb2 Bc5+ 37. Kf3 Nd7 38. Nd2 Re8 39. Ne4 f5 40. Nxc5
bxc5 0-1

[Event "20. Obert Int. Sant Marti 2018 - B"]
[Site "Barcelona ESP"]
[Date "2018.07.20"]
[Round "8.44"]
[White "Valero Recalde, Pablo"]
[Black "Ferre Navarro, Joan"]
[Result "1-0"]
[WhiteElo "1715"]
[BlackElo "1629"]
[PlyCount "39"]
[EventDate "2018.07.13"]
[EventType "swiss"]
[EventRounds "9"]
[EventCountry "ESP"]
[SourceTitle "Ajedrez en Madrid"]
[Source "lmi"]
[SourceDate "2018.07.13"]
[SourceVersion "1"]
[SourceVersionDate "2019.06.21"]
[SourceQuality "1"]

1. d4 d5 2. c4 e6 3. Nc3 Nf6 4. Nf3 c6 5. Bg5 Nbd7 6. Qc2 Qa5 7. Bd2 dxc4 8. e4
b5 9. Be2 Be7 10. O-O O-O 11. Nd5 Qd8 12. Nxe7+ Qxe7 13. e5 Nd5 14. Ng5 g6 15.
Ne4 Kg7 16. Qc1 Qh4 17. Bf3 h6 18. g3 Qh3 19. Qd1 Qf5 20. g4 1-0

[Event "20. Obert Int. Sant Marti 2018 - B"]
[Site "Barcelona ESP"]
[Date "2018.07.20"]
[Round "8.45"]
[White "Bao, Jin Wen"]
[Black "Roche Peris, Eduard"]
[Result "1-0"]
[WhiteElo "1302"]
[BlackElo "1705"]
[PlyCount "61"]
[EventDate "2018.07.13"]
[EventType "swiss"]
[EventRounds "9"]
[EventCountry "ESP"]
[SourceTitle "Ajedrez en Madrid"]
[Source "lmi"]
[SourceDate "2018.07.13"]
[SourceVersion "1"]
[SourceVersionDate "2019.06.21"]
[SourceQuality "1"]

1. e4 e5 2. Nf3 Nf6 3. Nxe5 d6 4. Nf3 Nxe4 5. d4 d5 6. Bd3 Bd6 7. O-O O-O 8.
Re1 Bf5 9. c4 c6 10. c5 Bc7 11. Ng5 Re8 12. f3 Nxg5 13. Bxg5 Rxe1+ 14. Qxe1 f6
15. Bxf5 fxg5 16. Qe6+ Kh8 17. Nc3 Na6 18. Re1 Ba5 19. Qd6 Qf8 20. Qd7 Nc7 21.
Bd3 Re8 22. Rb1 Re7 23. Qh3 h6 24. b4 Re3 25. Bg6 Ne6 26. Nd1 Re1+ 27. Kf2 Re2+
28. Kf1 Nf4 29. Qf5 Re1+ 30. Kxe1 Qe7+ 31. Qe5 1-0

[Event "20. Obert Int. Sant Marti 2018 - B"]
[Site "Barcelona ESP"]
[Date "2018.07.20"]
[Round "8.46"]
[White "Santolaria Pena, M."]
[Black "Escofet Llongueras, Joan"]
[Result "0-1"]
[WhiteElo "1694"]
[BlackElo "1623"]
[PlyCount "34"]
[EventDate "2018.07.13"]
[EventType "swiss"]
[EventRounds "9"]
[EventCountry "ESP"]
[SourceTitle "Ajedrez en Madrid"]
[Source "lmi"]
[SourceDate "2018.07.13"]
[SourceVersion "1"]
[SourceVersionDate "2019.06.21"]
[SourceQuality "1"]

1. d4 Nf6 2. Nf3 g6 3. Nc3 d5 4. Ne5 Bg7 5. Bf4 Nh5 6. Bg3 c6 7. Qd2 Nd7 8. f4
Nxg3 9. hxg3 f6 10. Nf3 e5 11. dxe5 fxe5 12. fxe5 Nxe5 13. O-O-O Nc4 14. Qe1
Qb6 15. b3 Qe3+ 16. Kb1 Bxc3 17. Rd3 Na3# 0-1

[Event "20. Obert Int. Sant Marti 2018 - B"]
[Site "Barcelona ESP"]
[Date "2018.07.20"]
[Round "8.47"]
[White "Cano Vila, Eduard"]
[Black "Torres Ribe, Ricard"]
[Result "1-0"]
[WhiteElo "1694"]
[BlackElo "1593"]
[PlyCount "87"]
[EventDate "2018.07.13"]
[EventType "swiss"]
[EventRounds "9"]
[EventCountry "ESP"]
[SourceTitle "Ajedrez en Madrid"]
[Source "lmi"]
[SourceDate "2018.07.13"]
[SourceVersion "1"]
[SourceVersionDate "2019.06.21"]
[SourceQuality "1"]

1. d4 Nf6 2. Bf4 d5 3. e3 c6 4. Nd2 Bf5 5. Ngf3 Nbd7 6. Nh4 Bg6 7. Nxg6 hxg6 8.
h3 Qa5 9. c3 e6 10. Bd3 c5 11. Qe2 c4 12. Bc2 Rc8 13. O-O Qb6 14. Rab1 Bd6 15.
Rfe1 Bxf4 16. exf4 Kf8 17. Nf3 Re8 18. Ne5 Nxe5 19. fxe5 Nd7 20. Qf3 Ke7 21. b3
cxb3 22. Bxb3 Qc7 23. Rec1 b5 24. Qg4 Nb6 25. Qe2 Nc4 26. a4 bxa4 27. Bxc4 dxc4
28. Rb4 Rb8 29. Rxa4 Rhc8 30. Rca1 Rb7 31. Qa2 Ra8 32. Rxc4 Qb8 33. Qa3+ Ke8
34. Qa4+ Kf8 35. Qa3+ Ke8 36. Rb4 Rxb4 37. cxb4 Qb6 38. Qa4+ Ke7 39. b5 f6 40.
Qb4+ Kf7 41. Qc5 Qxc5 42. dxc5 fxe5 43. b6 Rc8 44. Rxa7+ 1-0

[Event "20. Obert Int. Sant Marti 2018 - B"]
[Site "Barcelona ESP"]
[Date "2018.07.20"]
[Round "8.48"]
[White "Garcia Miralles, Eduard"]
[Black "Pereda Villalba, Julian"]
[Result "0-1"]
[WhiteElo "1443"]
[BlackElo "1669"]
[PlyCount "58"]
[EventDate "2018.07.13"]
[EventType "swiss"]
[EventRounds "9"]
[EventCountry "ESP"]
[SourceTitle "Ajedrez en Madrid"]
[Source "lmi"]
[SourceDate "2018.07.13"]
[SourceVersion "1"]
[SourceVersionDate "2019.06.21"]
[SourceQuality "1"]

1. e4 c5 2. Nf3 Nc6 3. d4 cxd4 4. Nxd4 g6 5. Bc4 Bg7 6. c3 Nxd4 7. cxd4 d6 8.
O-O Nf6 9. Nc3 O-O 10. Be3 Ng4 11. Bg5 h6 12. Bh4 g5 13. Bg3 Nf6 14. f4 Nh7 15.
fxg5 hxg5 16. Rf2 e6 17. Nb5 Qb6 18. Bxd6 Rd8 19. Bc7 Qc6 20. Bxd8 Qxc4 21. Nc7
Rb8 22. Qh5 Qc6 23. Qxf7+ Kh8 24. Ne8 Bxd4 25. Kh1 Qd7 26. Qf8+ Nxf8 27. Rxf8+
Kh7 28. Rd1 Qc6 29. Bc7 Ra8 0-1

[Event "20. Obert Int. Sant Marti 2018 - B"]
[Site "Barcelona ESP"]
[Date "2018.07.20"]
[Round "8.49"]
[White "Gonzalez Moreno, Antoni"]
[Black "Climent Vidal, Pere"]
[Result "1-0"]
[WhiteElo "1667"]
[BlackElo "1441"]
[PlyCount "76"]
[EventDate "2018.07.13"]
[EventType "swiss"]
[EventRounds "9"]
[EventCountry "ESP"]
[SourceTitle "Ajedrez en Madrid"]
[Source "lmi"]
[SourceDate "2018.07.13"]
[SourceVersion "1"]
[SourceVersionDate "2019.06.21"]
[SourceQuality "1"]

1. c4 c6 2. Nc3 e6 3. g3 Nf6 4. Bg2 d5 5. cxd5 cxd5 6. Nf3 Nc6 7. a3 Be7 8. b4
a6 9. Bb2 Bd7 10. d3 Qb6 11. O-O O-O 12. Rc1 Rac8 13. Na4 Qd8 14. Nc5 Bxc5 15.
Rxc5 Qe7 16. Qd2 Na7 17. Rfc1 Rxc5 18. Rxc5 Bc6 19. Qf4 Nd7 20. Rc1 f6 21. Qe3
Nc8 22. Nd4 Ne5 23. Bh3 Bd7 24. f4 Nc6 25. Bxe6+ Kh8 26. Nxc6 Bxc6 27. f5 Nd6
28. Bd4 Re8 29. Kf2 g6 30. g4 Qg7 31. g5 Rf8 32. gxf6 Rxf6 33. Ke1 h6 34. Kd2
Kh7 35. fxg6+ Qxg6 36. Qe5 Ne8 37. Rg1 Qxd3+ 38. exd3 Rf2+ 1-0

[Event "20. Obert Int. Sant Marti 2018 - B"]
[Site "Barcelona ESP"]
[Date "2018.07.20"]
[Round "8.50"]
[White "Riera Mestres, Josep"]
[Black "Vives Cabau, Jordi"]
[Result "0-1"]
[WhiteElo "1565"]
[BlackElo "1859"]
[PlyCount "114"]
[EventDate "2018.07.13"]
[EventType "swiss"]
[EventRounds "9"]
[EventCountry "ESP"]
[SourceTitle "Ajedrez en Madrid"]
[Source "lmi"]
[SourceDate "2018.07.13"]
[SourceVersion "1"]
[SourceVersionDate "2019.06.21"]
[SourceQuality "1"]

1. d4 f5 2. Bf4 Nf6 3. e3 e6 4. Nf3 Be7 5. Be2 b6 6. O-O O-O 7. h3 Bb7 8. Nbd2
Qe8 9. Bxc7 Na6 10. Bh2 d6 11. c3 Ne4 12. Nxe4 fxe4 13. Nd2 Qg6 14. Bh5 Qh6 15.
Nc4 Rad8 16. Bg4 Nc7 17. a4 Rd7 18. Qc2 Bd5 19. Nd2 Qg6 20. c4 Bb7 21. a5 h5
22. Be2 Ne8 23. axb6 axb6 24. Qb3 Bd8 25. Qd1 Rf5 26. b4 Rg5 27. g3 Nf6 28. Rc1
e5 29. d5 Rf7 30. Qe1 Bc8 31. h4 Rf5 32. c5 bxc5 33. bxc5 Ng4 34. Bxg4 Qxg4 35.
f3 exf3 36. Rf2 Ba6 37. e4 R5f6 38. c6 Be2 39. Nf1 Qxe4 40. Qd2 Bb6 41. Qa2
Bxf2+ 42. Kxf2 Qd4+ 43. Ne3 Rc7 44. Qa8+ Rf8 45. Qa5 Rfc8 46. Qa3 Rd8 47. Qa5
Qa7 48. Qb4 Qa2 49. Rc2 Qa1 50. Qe4 Bd1 51. Rd2 Bb3 52. Qf5 Qc3 53. Qe6+ Kh8
54. Nf1 Bc4 55. Rd1 Be2 56. Rb1 Bxf1 57. Rxf1 Qd2+ 0-1

[Event "20. Obert Int. Sant Marti 2018 - B"]
[Site "Barcelona ESP"]
[Date "2018.07.20"]
[Round "8.52"]
[White "Ayllon Barranco, Miguel"]
[Black "Subirana Santos, Marc"]
[Result "0-1"]
[WhiteElo "1550"]
[BlackElo "1743"]
[PlyCount "32"]
[EventDate "2018.07.13"]
[EventType "swiss"]
[EventRounds "9"]
[EventCountry "ESP"]
[SourceTitle "Ajedrez en Madrid"]
[Source "lmi"]
[SourceDate "2018.07.13"]
[SourceVersion "1"]
[SourceVersionDate "2019.06.21"]
[SourceQuality "1"]

1. b3 Nf6 2. Bb2 g6 3. e4 d6 4. e5 dxe5 5. Bxe5 Bg7 6. d4 O-O 7. Nf3 c5 8. Nbd2
cxd4 9. Nxd4 Qa5 10. f4 Nbd7 11. N4f3 Nxe5 12. fxe5 Ng4 13. Rb1 Nxe5 14. Be2
Ng4 15. b4 Qb6 16. Ne4 Ne3 0-1

[Event "20. Obert Int. Sant Marti 2018 - B"]
[Site "Barcelona ESP"]
[Date "2018.07.20"]
[Round "8.53"]
[White "Morales Mendizabal, Pere"]
[Black "Rodriguez Batuecas, Jordi"]
[Result "0-1"]
[WhiteElo "1742"]
[BlackElo "1543"]
[PlyCount "70"]
[EventDate "2018.07.13"]
[EventType "swiss"]
[EventRounds "9"]
[EventCountry "ESP"]
[SourceTitle "Ajedrez en Madrid"]
[Source "lmi"]
[SourceDate "2018.07.13"]
[SourceVersion "1"]
[SourceVersionDate "2019.06.21"]
[SourceQuality "1"]

1. d4 Nf6 2. f4 d6 3. Nf3 g6 4. Nbd2 Bf5 5. e3 Bg7 6. Bd3 Bxd3 7. cxd3 O-O 8.
O-O Nbd7 9. Qb3 c5 10. d5 Qc7 11. e4 Rab8 12. Qc2 Rfc8 13. b3 Nxe4 14. Bb2 Nxd2
15. Qxd2 Nf6 16. Qc3 b5 17. g4 b4 18. Qc4 Nxg4 19. Bxg7 Ne3 20. Qe4 Nxf1 21.
Bh6 Qd7 22. Rxf1 Re8 23. Qe2 Qg4+ 24. Kh1 Qh5 25. Bg5 f6 26. Bh4 Qxd5 27. Rg1
Kh8 28. Qg2 Qxd3 29. Qf2 Qf5 30. Qd2 Rbd8 31. Bg3 e5 32. Nh4 Qe4+ 33. Rg2 exf4
34. Bf2 g5 35. Qb2 Re6 0-1